| 000 | 00000nas 2200000za 4500 |
| 001 | 9.506828 |
| 003 | CaOODSP |
| 005 | 20221107133712 |
| 007 | cr ||||||||||| |
| 008 | 150406d20012002oncar pso||||f0 a0eng|d |
| 040 | |aCaOODSP|beng |
| 043 | |an-cn--- |
| 086 | 1 |aRv1-14E-PDF |
| 086 | 1 |aRv1-15E-PDF |
| 086 | 1 |aRv1-16E-PDF |
| 110 | 1 |aCanada. |bCanada Customs and Revenue Agency. |
| 245 | 10|aCCRA performance report. ... annual report to Parliament |h[electronic resource]. |
| 260 | |aOttawa : |bCanada Customs and Revenue Agency |
| 310 | |aAnnual |
| 362 | 1 |a2000/2001-2001/2002 |
| 500 | |aIssued also in French under title: Rapport sur le rendement de l’ADRC - rapport annuel au Parlement ... |
| 690 | 07|aPerformance assessment|2gcpds |
| 775 | 08|tRapport sur le rendement de l'ADRC - rapport annuel au Parlement ... |w(CaOODSP)9.503224 |
| 785 | 00|tCCRA annual report to Parliament |w(CaOODSP)9.506832 |